| 000 | 00448nam a22001457a 4500 | ||
|---|---|---|---|
| 003 | SGT | ||
| 082 |
_a618.2 _bC21K |
||
| 100 | _aKAUR, RAJVIR | ||
| 245 | _aTo Compare the Efficacy of Intramuscular Oxytocin versus Intravenous Oxytocin Infusion versus Sublingual Misoprostol for active management of third stage of Labour | ||
| 260 |
_aGURUGRAM _bSGT UNIVERSITY _c2021 |
||
| 300 | _a48 | ||
| 650 | _aOBST. & GYNE. | ||
| 653 | _aM.S | ||
| 942 |
_2ddc _cTH |
||
| 999 |
_c26491 _d26491 |
||